[Event "Isla Guitart op"]
[Site "Isla Guitart "]
[Date "1994.??.??"]
[Round "?"]
[White "Diaz, Ricardo"]
[Black "Chaviano, Miguel"]
[Result "1/2-1/2"]
[WhiteElo "2355"]
[BlackElo "2310"]

1.e4 g6 2.d4 Bg7 3.Nc3 d6 4.Be3 c6 5.Qd2 b5 6.a3 Nd7 7.f4 Ngf6 8.Be2 Nb6
9.Nf3 a5 10.e5 Nfd5 11.Nxd5 Nxd5 12.O-O O-O 13.Bf2 Bh6 14.g3 Bh3 15.Rfd1 Qd7
16.Ne1 Bg4 17.Ng2 f6 18.Bxg4 Qxg4 19.exd6 exd6 20.Re1 a4 21.Qd3 Qd7 22.Re2 Rae8
23.Rae1 f5 24.c4 Nb6 25.cxb5 cxb5 26.d5 Rxe2 27.Rxe2 Nc4 28.Bd4 Bg7 29.Kf2 Bxd4+
30.Qxd4 Qg7 31.Qxg7+ Kxg7 32.Ne3 Rc8 33.Rc2 Rc5 34.Nxc4 bxc4 35.Ke3 Rxd5
36.Rxc4 Rb5 37.Rb4 Ra5 38.Rb6 Rd5 39.b4 axb3 40.Rxb3 Kf7 41.Rd3 Ra5  1/2-1/2

[Event "Isle of Man op"]
[Site "Isle of Man"]
[Date "1994.??.??"]
[Round "2"]
[White "Hansen, Soren Bech"]
[Black "Maggs, Steven"]
[Result "1-0"]
[WhiteElo "2285"]
[BlackElo "2085"]

1.e4 g6 2.d4 Bg7 3.Nc3 d6 4.f4 c6 5.Nf3 Bg4 6.Be3 Nd7 7.h3 Bxf3 8.Qxf3 e5
9.O-O-O Qe7 10.g4 Ngf6 11.dxe5 dxe5 12.f5 b6 13.g5 Nh5 14.f6 Nhxf6 15.gxf6 Qxf6
16.Qxf6 Nxf6 17.Ba6 Rd8 18.Bb7 c5 19.Bc6+ Ke7 20.Bg5 Ke6 21.Bd5+ Ke7 22.Bc4 Rd4
23.Rxd4 exd4 24.Nd5+  1-0

[Event "Isle of Man op"]
[Site "Isle of Man"]
[Date "1994.??.??"]
[Round "2"]
[White "Fenn, Paul David"]
[Black "Ludgate, Alan"]
[Result "1/2-1/2"]
[WhiteElo "2160"]
[BlackElo "2275"]

1.e4 g6 2.d4 Bg7 3.Nc3 d6 4.Bc4 Nf6 5.f3 c6 6.a4 d5 7.Bb3 dxe4 8.fxe4 Bg4
9.Qd3 O-O 10.h3 Bc8 11.Nf3 Na6 12.Be3 Nc7 13.Ng5 Ne6 14.Nxe6 Bxe6 15.Bxe6 fxe6
16.Qc4  1/2-1/2

[Event "Isle of Man op"]
[Site "Isle of Man"]
[Date "1994.??.??"]
[Round "4"]
[White "Hansen, Soren Bech"]
[Black "Conquest, Stuart"]
[Result "0-1"]
[WhiteElo "2285"]
[BlackElo "2505"]

1.e4 g6 2.d4 Bg7 3.Nc3 d6 4.Nf3 c6 5.Be2 b5 6.a3 a6 7.Bf4 Nf6 8.h3 O-O 9.O-O Bb7
10.e5 dxe5 11.dxe5 Nd5 12.Nxd5 cxd5 13.Qd2 Nc6 14.Bd3 Qb6 15.Rfe1 Rad8 16.Bh6 Nd4
17.Nxd4 Qxd4 18.Bxg7 Kxg7 19.c3 Qc5 20.Qf4 d4 21.Rac1 Qb6 22.cxd4 Rxd4 23.Qe3 Rfd8
24.Be2 Qe6 25.Bg4 Qb6 26.Bf3 Bxf3 27.Qxf3 Rd2 28.Re2 R8d3 29.Qe4 Rxe2 30.Qxe2 Qd4
31.Rc2 h5 32.g3 Rxg3+ 33.Kh2 Rg5  0-1

[Event "Isle of Man op"]
[Site "Isle of Man"]
[Date "1994.??.??"]
[Round "6"]
[White "Hansen, Soren Bech"]
[Black "Pein, Malcolm"]
[Result "1/2-1/2"]
[WhiteElo "2285"]
[BlackElo "2420"]

1.e4 d6 2.d4 g6 3.Nc3 Bg7 4.Nf3 Nf6 5.Be2 O-O 6.O-O c5 7.dxc5 dxc5 8.Qxd8 Rxd8
9.Be3 b6 10.Rfd1 Nc6 11.Rxd8+ Nxd8 12.h3 Bb7 13.Nd2 Nc6 14.a4 Nd7 15.Nc4 Nb4
16.Bd1 Ba6 17.Nb5 Bb7 18.c3 Nc6 19.Be2 Nce5 20.f3 a6 21.Nc7 Ra7 22.Nxe5 Bxe5
23.Nd5 Bd6 24.Bf2  1/2-1/2

[Event "ITA-chT"]
[Site "Italy"]
[Date "1994.??.??"]
[Round "3"]
[White "Guido, Flavio"]
[Black "D'Amore, Carlo"]
[Result "1/2-1/2"]
[WhiteElo "2295"]
[BlackElo "2420"]

1.e4 g6 2.d4 Bg7 3.Nc3 d6 4.Be3 c6 5.Nf3 b5 6.Bd3 Nd7 7.O-O Qc7 8.a4 b4 9.Ne2 a5
10.c3 Ngf6 11.cxb4 axb4 12.Rc1 Qb7 13.h3 O-O 14.b3 Qb8 15.Rxc6 Bb7 16.Rc4 d5
17.exd5 Bxd5 18.Rc1 Bxf3 19.gxf3 Nd5 20.Be4 N7f6 21.Qd3 Qd6 22.Rc5 h6 23.Rfc1 e6
24.Bd2 Rfd8 25.Qc4 Rab8 26.Rb5 Bf8 27.Rxb8 Qxb8 28.Qc6 Qa7 29.Rc4 Kg7 30.Kg2 Bd6
31.Rc1 Bb8 32.Qb5 Qe7 33.Rc6 Qa7 34.Bxb4 Nxb4 35.Qxb4 Ne8 36.Qb6 Qe7 37.Qc5 Nd6
38.a5 Qh4 39.Qe5+ Kg8 40.Qf4 Qe7 41.Qxh6 Nxe4 42.fxe4 Qb7 43.Qc1 Qxb3 44.Rc8 Rxc8
45.Qxc8+ Kg7 46.a6 Qb5 47.Ng3 Bxg3 48.a7 Qb2 49.Kxg3 Qa3+ 50.Kg2 Qxa7 51.Qc3 Kg8  1/2-1/2

[Event "Jakarta"]
[Site "Jakarta"]
[Date "1994.??.??"]
[Round "4"]
[White "Hracek, Zbynek"]
[Black "Xu Jun"]
[Result "1-0"]
[WhiteElo "2510"]
[BlackElo "2550"]

1.d4 d6 2.e4 g6 3.Nc3 Bg7 4.Nf3 c6 5.Be2 b5 6.O-O b4 7.Na4 Nf6 8.e5 Nd5 9.a3 a5
10.c4 bxc3 11.bxc3 O-O 12.c4 Nb6 13.Nxb6 Qxb6 14.exd6 exd6 15.Bf4 Qd8 16.Rb1 Bf5
17.Bd3 Bg4 18.Be3 Nd7 19.h3 Bxf3 20.Qxf3 c5 21.Be4 Rb8 22.Rxb8 Qxb8 23.Rb1 Qe8
24.dxc5 dxc5 25.Bd5 Kh8 26.Rb7 f5 27.Bc6 Ne5 28.Bxe8 Nxf3+ 29.gxf3 Rxe8 30.Bxc5 Kg8
31.Ra7 Re1+ 32.Kg2 Rc1 33.Ra8+ Kf7 34.Ra7+ Kg8 35.Rxa5 Rxc4 36.Bb4 Bd4 37.Rd5 Bb6
38.Rd6 Bc7 39.Rd7 Bb6 40.Rd6 Bc7 41.Rd7 Bb6 42.Kf1 Rc1+ 43.Ke2 Rc8 44.Re7 Rd8
45.Rb7 Re8+ 46.Re7 Rc8 47.Re6 Bd4 48.Rd6 Re8+ 49.Kf1 Bg7 50.Rd2 Bf8 51.Bxf8 Kxf8
52.a4 Kf7 53.a5 Ra8 54.Ra2 Ra6 55.Ke2 Ke6 56.Ke3 Ke5 57.Ra4 h6 58.Ra1 Kd5
59.h4 Ke5 60.Ra2 Kd5 61.Kd3 Kc5 62.Kc3 Kb5 63.Kd4 Kc6 64.Ke5 Kd7 65.h5 gxh5
66.Kxf5 Ke7 67.Kf4 Kd6 68.Kg3 Kc5 69.Kh4 Kb4 70.Kxh5 Kb3 71.Ra1 Kb2 72.Ra4 Kb3
73.Re4 Rxa5+ 74.Kxh6 Ra2 75.f4 Rxf2 76.Kg6 Rg2+ 77.Kf6 Rg4 78.Ke5 Kc3 79.f5  1-0

[Event "JUG-chT"]
[Site "JUG"]
[Date "1994.??.??"]
[Round "2"]
[White "Micic, Snezana"]
[Black "Petrovic, Marija"]
[Result "0-1"]
[WhiteElo "2235"]
[BlackElo "2230"]

1.e4 g6 2.d4 Bg7 3.Nc3 d6 4.Nf3 Nf6 5.Be2 O-O 6.O-O c6 7.Re1 Nbd7 8.e5 Ne8
9.Bf4 dxe5 10.dxe5 Nc7 11.Qc1 Ne6 12.Bh6 Ndc5 13.b4 Nd7 14.Bc4 Nb6 15.Rd1 Qc7
16.Bb3 a5 17.Bxg7 Kxg7 18.a3 h6 19.Ne4 axb4 20.axb4 Rxa1 21.Qxa1 Nd5 22.Bxd5 cxd5
23.Nc3 d4 24.Nxd4 Nxd4 25.Rxd4 Qxe5 26.Re4 Qf6 27.Rxe7 Be6 28.Rc7 Rd8 29.Qe1 Bf5
30.Rc5 Qd4 31.h3 Bxc2 32.Qe5+ Qxe5 33.Rxe5 Rc8 34.Nd5 Bb3 35.Ne3 Be6 36.Kf1 Rc3
37.Ke2 Bd7 38.Rc5 Rb3 39.Nc2 Rb2 40.Ke3 Ba4 41.Kd3 Bxc2+ 42.Kc3 Ra2  0-1

[Event "JUG-chT"]
[Site "JUG"]
[Date "1994.??.??"]
[Round "2"]
[White "Sparic, Nebojsa"]
[Black "Jovicevic, Bozidar"]
[Result "0-1"]
[WhiteElo "2280"]
[BlackElo "2300"]

1.e4 d6 2.d4 g6 3.Nc3 Bg7 4.Be3 a6 5.f3 Nd7 6.Qd2 b5 7.h4 h5 8.Nh3 c5 9.Ng5 cxd4
10.Bxd4 Ngf6 11.O-O-O Bb7 12.g4 hxg4 13.f4 O-O 14.Bg2 e5 15.Be3 exf4 16.Bxf4 Ne5
17.Bxe5 dxe5 18.Qe2 Qa5 19.Kb1 Rad8 20.Nd5 Nxd5 21.exd5 Qb4 22.a3 Qc4 23.Qxc4 bxc4
24.h5 gxh5 25.Rxh5 Bc8 26.Bf1 f6  0-1

[Event "JUG-chT"]
[Site "JUG"]
[Date "1994.??.??"]
[Round "6"]
[White "Jovanovic, Sanja"]
[Black "Ivanisevic, Dusica"]
[Result "1-0"]
[WhiteElo "2055"]
[BlackElo "2160"]

1.e4 g6 2.d4 Bg7 3.Nc3 d6 4.Be3 a6 5.a4 b6 6.Qd2 Bb7 7.f3 Nd7 8.Nge2 e6 9.Ng3 h6
10.Bc4 Ne7 11.O-O h5 12.h4 Bf6 13.Bg5 Bxg5 14.Qxg5 Nc6 15.Qxd8+ Rxd8 16.Rad1 Nb4
17.Bd3 O-O 18.Nce2 a5 19.c3 Na6 20.f4 Nf6 21.f5 Nxe4 22.fxe6 Nxg3 23.exf7+ Kg7
24.Nxg3 d5 25.Ne2 c6 26.Nf4 Nc7 27.Bc2 Rd6 28.Rd3 Ba6 29.Rg3 Bxf1 30.Nxg6 Rxg6
31.Rxg6+ Kxf7 32.Kxf1 Ke7+ 33.Kg1 Ne6 34.Rh6 Nf4 35.g3 Nh3+ 36.Kg2 Rf2+ 37.Kxh3 Rxc2
38.Rxh5 Rxb2 39.Rh6 b5 40.axb5 cxb5 41.h5 a4 42.Ra6 Rb3 43.Ra5 a3 44.Kh4 Rxc3
45.Rxb5 Rc4 46.Ra5 Rxd4+ 47.Kg5 Rd3 48.g4 Rb3 49.Kg6 d4 50.h6 d3 51.h7 Rb6+
52.Kg7 d2 53.h8=Q d1=Q 54.Ra7+  1-0

[Event "JUG-chT"]
[Site "JUG"]
[Date "1994.??.??"]
[Round "8"]
[White "Jovanovic, Sasa T"]
[Black "Petrovic, Marija"]
[Result "1/2-1/2"]
[WhiteElo "2340"]
[BlackElo "2230"]

1.e4 g6 2.d4 Bg7 3.Nc3 d6 4.f4 Nf6 5.Nf3 c6 6.Bd3 O-O 7.O-O b5 8.e5 dxe5
9.fxe5 Nd5 10.Qe1 f6 11.Qh4 b4 12.Nxd5 cxd5 13.Bh6 Nc6 14.Rf2 Qb6 15.Raf1 Ba6
16.Bxa6 Qxa6 17.Qh3 Qc8 18.e6 Nd8 19.Ng5 Nxe6 20.Qxe6+ Qxe6 21.Nxe6 Bxh6
22.Nxf8 Kxf8 23.Re2 Rc8 24.Rfe1 Rc7 25.Kf1 Bf4 26.g3 Bd6 27.Rd1 Kf7 28.Rd3 a5
29.c3 h5 30.Kg2 Rc4 31.Rc2 Rc8 32.Kf3 a4 33.b3 axb3 34.axb3 bxc3 35.Rcxc3 Rh8
36.Rc2 Rd8 37.Rd1 Rb8 38.Rd3 g5 39.h3 Rb5 40.Rc8 Ra5 41.Rh8 Kg6 42.Rg8+  1/2-1/2

[Event "JUG-chT"]
[Site "JUG"]
[Date "1994.??.??"]
[Round "9"]
[White "Sokolov, Andrei"]
[Black "Tseshkovsky, Vitaly"]
[Result "1/2-1/2"]
[WhiteElo "2555"]
[BlackElo "2515"]

1.e4 g6 2.d4 Bg7 3.Nc3 d6 4.f4 Nf6 5.Nf3 O-O 6.Be3 b6 7.e5 Ng4 8.Qe2 Ba6
9.Qd2 Bxf1 10.Rxf1 c5 11.O-O-O Nc6 12.d5 Na5 13.Qe2 Nxe3 14.Qxe3 b5 15.b3 b4
16.Ne4 c4 17.f5 cxb3 18.axb3 gxf5 19.Nfg5 h6 20.Rxf5 dxe5 21.Nf3 Qb6 22.Qe2 Rac8
23.Rd3 Qa6 24.Nfd2 Nb7 25.Nc4 Nc5 26.Nxc5 Rxc5 27.Qe4 Rd8 28.Rff3 Qg6 29.Qxg6 fxg6
30.d6 exd6 31.Rxd6 Rd5 32.Rxd5 Rxd5 33.Re3 Kf7 34.Re4 h5 35.g4 Bh6+ 36.Kb2 Bf4
37.gxh5 gxh5 38.c3 a5 39.cxb4 axb4 40.Kc2 Ke6 41.h3 Rd8 42.Re1 Rg8 43.Kd3 Rg3+
44.Ke4 Rxb3 45.Ra1 Rxh3 46.Ra6+ Kd7 47.Rb6 Rh1 48.Rxb4 Re1+ 49.Kf5 Bg3 50.Nd2 Re3
51.Rb3 Rxb3 52.Nxb3 h4 53.Nc5+ Kd6 54.Ne4+ Kd5 55.Nf6+ Kd4 56.Kg4 Be1 57.Kh3 Bg3
58.Kg4 Bf2 59.Ne8 Be1 60.Nd6 Kd3 61.Kh3 Bg3 62.Kg4 Ke3 63.Nc4+ Kf2 64.Nxe5 Kg2
65.Nc4  1/2-1/2

[Event "Heart of Finland op 4th"]
[Site "Jyvaskyla"]
[Date "1994.??.??"]
[Round "?"]
[White "Lauk, Ular"]
[Black "Nouro, Mikael"]
[Result "1-0"]
[WhiteElo "2395"]
[BlackElo "2275"]

1.e4 g6 2.d4 Bg7 3.Nc3 d6 4.Be3 a6 5.Qd2 b5 6.f3 Bb7 7.O-O-O Nd7 8.h4 h5
9.Nh3 Rc8 10.Ng5 c5 11.Kb1 Qa5 12.dxc5 Bxc3 13.bxc3 Nxc5 14.e5 Na4 15.exd6 Nxc3+
16.Qxc3 Qxc3 17.d7+ Kf8 18.d8=Q+  1-0

[Event "Keszthely op"]
[Site "Keszthely"]
[Date "1994.??.??"]
[Round "?"]
[White "Jakus, Katalin"]
[Black "Csala, Imre"]
[Result "0-1"]
[WhiteElo "2150"]
[BlackElo "2255"]

1.e4 d6 2.d4 g6 3.Nc3 Bg7 4.f4 Nc6 5.Nf3 Bg4 6.Be3 e5 7.fxe5 dxe5 8.d5 Nd4
9.Be2 Nxe2 10.Qxe2 a6 11.h3 Bd7 12.O-O Ne7 13.Qd2 O-O 14.Rad1 Nc8 15.Bh6 f6
16.Bxg7 Kxg7 17.Qe3 Qe7 18.b3 b5 19.Ne2 Qa3 20.Qc3 Qd6 21.Nc1 b4 22.Qe3 Bb5
23.Nd3 Re8 24.Rfe1 Bxd3 25.Qxd3 Qb6+ 26.Kh1 Nd6 27.c4 bxc3 28.Qxc3 Re7 29.Rc1 Qf2
30.Rc2 Qg3 31.Qe3 Rb8 32.Qa7 Rb7 33.Qxa6 Rb4 34.Qa3 Rd4 35.Rxc7 Rxc7 36.Qxd6 Rc2
37.Qe7+ Kh6 38.Qf8+ Kh5 39.Rg1 Rd1 40.Nh4 Rxg1+ 41.Kxg1 Rc1+  0-1

[Event "Keszthely op"]
[Site "Keszthely"]
[Date "1994.??.??"]
[Round "?"]
[White "Eismont, Oleg"]
[Black "Csala, Imre"]
[Result "1/2-1/2"]
[WhiteElo "2440"]
[BlackElo "2255"]

1.e4 d6 2.d4 g6 3.Nc3 Bg7 4.f4 Nc6 5.Bb5 a6 6.Bxc6+ bxc6 7.Nf3 Bg4 8.O-O Qb8
9.h3 Bxf3 10.Rxf3 Qb6 11.Be3 Nf6 12.Rb1 a5 13.f5 Nd7 14.Bf2 Qb7 15.Qe2 O-O
16.b3 Rae8 17.Na4 e5 18.c3 exd4 19.cxd4 c5 20.dxc5 Rxe4 21.Qc2 Qc6 22.fxg6  1/2-1/2

[Event "JUG-ch sf"]
[Site "Kladovo"]
[Date "1994.??.??"]
[Round "?"]
[White "Petrovic, Zoran"]
[Black "Vujadinovic, Goran"]
[Result "1/2-1/2"]
[WhiteElo "2270"]
[BlackElo "2355"]

1.e4 d6 2.d4 g6 3.Nc3 Bg7 4.Be3 a6 5.Qd2 b5 6.a4 b4 7.Nd1 a5 8.c3 bxc3 9.bxc3 Nf6
10.f3 O-O 11.Bd3 c6 12.Ne2 Nbd7 13.O-O e5 14.Nf2 d5 15.f4 exf4 16.Bxf4  1/2-1/2

[Event "JUG-ch sf"]
[Site "Kladovo"]
[Date "1994.??.??"]
[Round "?"]
[White "Marinkovic, Ivan"]
[Black "Barlov, Dragan"]
[Result "0-1"]
[WhiteElo "2445"]
[BlackElo "2500"]

1.e4 g6 2.d4 Bg7 3.Nc3 d6 4.Be3 a6 5.a4 Nf6 6.h3 O-O 7.Nf3 b6 8.Bc4 e6 9.O-O Bb7
10.d5 exd5 11.exd5 Nbd7 12.Nd4 Re8 13.Re1 Ne4 14.Nxe4 Rxe4 15.c3 Nf6 16.Bd3 Re8
17.c4 a5 18.Qc2 Nd7 19.Re2 Nc5 20.Rae1 Qd7 21.b3 Re7 22.Qd1 Rae8 23.Bc2 Bf6
24.f3 Bh4 25.Bf2 Bxf2+ 26.Kxf2 Rxe2+ 27.Rxe2 Rxe2+ 28.Nxe2 c6 29.dxc6 Bxc6
30.Nc3 Qe7 31.Qd4 Qe5 32.Qxe5 dxe5 33.Ke3 f5 34.g3 Kf7 35.h4 Ke7 36.f4 Kd6
37.h5 exf4+ 38.Kxf4 Ne6+ 39.Ke3 Ke5 40.hxg6 hxg6 41.Nb1 g5 42.Nd2 Nc5 43.Nf1 Bg2
44.Nh2 Bc6 45.Nf1 Be4 46.Bd1 f4+ 47.gxf4+ gxf4+ 48.Kd2 Kd4 49.Nh2 Bg2 50.Bc2 f3
51.Ng4 Bh3 52.Nh2 Bg2 53.Ng4 Bf1 54.Nf6 f2 55.Ng4 Bxc4 56.Nxf2 Bxb3 57.Nd3 Bxc2  0-1

[Event "Kstovo op"]
[Site "Kstovo"]
[Date "1994.??.??"]
[Round "8"]
[White "Kalantarian, Norik"]
[Black "Shchekachev, Andrei"]
[Result "1-0"]
[WhiteElo "2415"]
[BlackElo "2480"]

1.d4 g6 2.e4 d6 3.Nc3 Bg7 4.g3 Nc6 5.d5 Ne5 6.f4 Nd7 7.Nf3 c6 8.Be3 Ngf6
9.Bg2 O-O 10.O-O Nb6 11.dxc6 bxc6 12.b3 Ng4 13.Bd4 e5 14.fxe5 dxe5 15.Bc5 Nd7
16.Bxf8 Qxf8 17.Qe1 Qc5+ 18.Kh1 Bh6 19.h3 Ne3 20.Rf2 a5 21.Na4 Qa7 22.Re2 Ba6
23.c4 Nf6 24.Nxe5 Qc7 25.Nd3 Nxg2 26.Kxg2 Re8 27.Nac5 Bc8 28.Qf2 Nd7 29.Rf1 Nxc5
30.Nxc5 Bg7 31.Rd2 Qe7 32.Rfd1 h5 33.Re2 Kh8 34.Nd3  1-0

[Event "Las Vegas op"]
[Site "Las Vegas"]
[Date "1994.??.??"]
[Round "?"]
[White "Peters, David L"]
[Black "Zlotnikov, Mikhail"]
[Result "0-1"]
[WhiteElo "2230"]
[BlackElo "2400"]

1.e4 g6 2.d4 Bg7 3.Nc3 d6 4.f4 c6 5.Nf3 Bg4 6.Be2 Qb6 7.e5 Nd7 8.Ng5 Bxe2
9.Qxe2 Nh6 10.exd6 O-O 11.dxe7 Rfe8 12.O-O Nf5 13.Nf3 Rxe7 14.Qc4 Rae8 15.Kh1 Nxd4
16.Nxd4 Qxd4 17.Qxd4 Bxd4 18.Bd2 Nb6 19.b3 Bxc3 20.Bxc3 Re2 21.Rac1 Nd5 22.Bd4 b6
23.c4 Nb4 24.a3 Nc2 25.Be5 Ne3 26.Rg1 Ng4 27.Rge1 Rxe1+ 28.Rxe1 Nxe5 29.fxe5 f6
30.e6 Kf8 31.b4 Ke7 32.c5 bxc5 33.bxc5 Rd8 34.Kg1 Rd5 35.Rb1 Kxe6 36.Kf2 a5
37.Rb7 h5  0-1

[Event "Las Vegas op"]
[Site "Las Vegas"]
[Date "1994.??.??"]
[Round "?"]
[White "Weeramantry, Sunil"]
[Black "Booth, Stephen A"]
[Result "0-1"]
[WhiteElo "2270"]
[BlackElo "2290"]

1.e4 g6 2.d4 d6 3.Nc3 Bg7 4.f4 Nd7 5.Nf3 c6 6.a4 Qc7 7.Bc4 e5 8.dxe5 dxe5
9.Ng5 Nh6 10.Bxf7+ Ke7 11.Ne6 Qb6 12.a5 Qb4 13.O-O Nxf7 14.Qf3 Kxe6 15.f5+ Ke7
16.fxg6 Rf8 17.gxf7 Bf6 18.b3 Kxf7 19.Ba3 Qxa5 20.Bxf8 Qb6+ 21.Kh1 Kxf8 22.Rad1 Qd8
23.g4 Kg8 24.g5 Bg7 25.Qf7+ Kh8 26.g6 Qf8 27.Qe6 Nf6 28.Qxe5 Bh3 29.Rf4 Qe8
30.Qg5 Qxg6 31.Qxg6 hxg6 32.Rh4+ Kg8 33.Rxh3 Ng4 34.Kg2 Rf8  0-1

[Event "LAT-ch"]
[Site "?"]
[Date "1994.??.??"]
[Round "11"]
[White "Berzinsh, Roland"]
[Black "Lutskan, Ilmars"]
[Result "1-0"]
[WhiteElo "2475"]
[BlackElo "2345"]

1.e4 g6 2.d4 Bg7 3.Nc3 d6 4.Be2 Nc6 5.Be3 e5 6.dxe5 Nxe5 7.f4 Ng4 8.Bd4 Bxd4
9.Qxd4 Qf6 10.Nf3 Qxd4 11.Nxd4 Ne7 12.h3 Nf6 13.Ndb5 Kd8 14.e5 dxe5 15.O-O-O+ Nd7
16.fxe5 a6 17.Nd4 Ke8 18.e6 Ne5 19.exf7+ Kxf7 20.Nf3 Nxf3 21.Bxf3 Rb8 22.Rhf1 Kg7
23.Rde1 Nf5 24.g4 Nh4 25.Re7+ Kh6 26.Ne4 g5 27.Be2 Ng6 28.Rf6 Rf8 29.h4  1-0

[Event "Linares op"]
[Site "Linares"]
[Date "1994.??.??"]
[Round "6"]
[White "Pastor Pons, Carlos"]
[Black "Todorcevic, Miodrag"]
[Result "0-1"]
[WhiteElo "2280"]
[BlackElo "2505"]

1.e4 g6 2.d4 Bg7 3.Nc3 d6 4.Be3 c6 5.Qd2 b5 6.a4 b4 7.Nd1 a5 8.c3 Nf6 9.f3 bxc3
10.bxc3 O-O 11.Bd3 Nbd7 12.Ne2 e5 13.Rb1 d5 14.Nf2 Re8 15.O-O Qc7 16.Qa2 Ba6
17.Bxa6 Rxa6 18.Rb2 Raa8 19.Rfb1 Rab8 20.dxe5 Rxb2 21.Rxb2 Nxe5 22.Bb6 Qc8
23.exd5 Nxd5 24.Bd4 Qa6 25.Ne4 Nd3 26.Rb1 Bxd4+ 27.Nxd4 Kg7 28.c4 N5f4 29.Qa1 Ne5
30.Nd6 Re7 31.Re1 f6 32.Qc3 Qa7 33.Kf1 Qc5 34.Ne4 Qb6 35.g3 Nfd3 36.Re3 Qb1+
37.Kg2 Qa2+ 38.Qc2 Qxc2+ 39.Nxc2 Rb7 40.Nd6 Rb2 41.Re2 Rxc2  0-1

[Event "Lippstadt"]
[Site "Lippstadt"]
[Date "1994.??.??"]
[Round "6"]
[White "Brenke, Andreas"]
[Black "Hickl, Joerg"]
[Result "0-1"]
[WhiteElo "2265"]
[BlackElo "2535"]

1.e4 g6 2.d4 d6 3.Nc3 Bg7 4.Bc4 a6 5.Nf3 e6 6.Bf4 b5 7.Bd3 Bb7 8.O-O Nd7
9.Re1 e5 10.Bg5 f6 11.Be3 Nh6 12.a4 c6 13.d5 b4 14.dxc6 Bxc6 15.Nd5 Bxd5
16.exd5 O-O 17.Qd2 Nf7 18.Qxb4 f5 19.Bf1 Re8 20.c3 h6 21.a5 Rb8 22.Qa3 Qc8
23.Nd2 Nf6 24.Nc4 f4 25.Ba7 Rb7 26.Bb6 Rd7 27.Rad1 Qb8 28.Qa4 Rde7 29.Na3 Qc8
30.Qc4 Qg4 31.Qe2 Qh4 32.Nc2 e4 33.g3 Qg5 34.h4 Qf5 35.Nd4 Qxd5 36.Qc4 Qh5
37.Nc6 Re6 38.Nd4 Re5 39.Nc6 d5 40.Qe2 f3 41.Qxa6 Rg5 42.Be3 Qxh4 43.Bxg5 Qxg5
44.Nd4 Qh5 45.Nxf3 Qxf3 46.Qb6 Ng5 47.a6 Qh5 48.Bg2 Kh7 49.a7 Nf3+ 50.Kf1 Ng4
51.Qb8 Qh2 52.Ke2 Qxg2 53.Rf1 Ng1+ 54.Kd2 e3+ 55.Kc1 Ne2+ 56.Kb1 Qe4+ 57.Ka1 Qa4+
58.Kb1 Nxc3+ 59.bxc3 e2 60.Rc1 exf1=Q 61.Rxf1 Nf6 62.f3 d4 63.cxd4 Nd5 64.Rc1 Nb4  0-1

[Event "Litomysl op"]
[Site "Litomysl"]
[Date "1994.??.??"]
[Round "?"]
[White "Mochalov, Evgeny V"]
[Black "Moliboga, V."]
[Result "1-0"]
[WhiteElo "2400"]
[BlackElo "2330"]

1.d4 g6 2.e4 Bg7 3.Nc3 d6 4.Nf3 Nf6 5.h3 O-O 6.Be3 c6 7.a4 a5 8.Be2 Nbd7
9.O-O Qc7 10.Qd2 e5 11.dxe5 dxe5 12.Bc4 Nh5 13.Rfd1 Nf4 14.Qd6 Qxd6 15.Rxd6 Nf6
16.Nxe5 Nxe4 17.Bxf7+ Kh8 18.Nxe4 Bxe5 19.Bc4 Bf5 20.Bd4 Bxd4 21.Rxd4 Rae8
22.f3 Bxe4 23.Rxe4 Rxe4 24.fxe4 Re8 25.Re1 Kg7 26.h4 Kf6 27.Rf1 Ke5 28.g3 Nh5
29.Rf7 Nxg3 30.Rxb7 Kxe4 31.Kg2 Nf5 32.Bd3+ Kf4 33.Rxh7 Re3 34.h5 Rg3+ 35.Kf2 Rf3+
36.Kg1 gxh5 37.Bxf5 Kxf5 38.Rxh5+ Ke4 39.Rxa5 Rh3  1-0

[Event "EU-ch U20 Girls"]
[Site "Litomysl"]
[Date "1994.??.??"]
[Round "3"]
[White "Szczygiel, Agnieszka"]
[Black "Segal, Anna"]
[Result "0-1"]
[WhiteElo "2080"]
[BlackElo "2170"]

1.e4 g6 2.d4 Bg7 3.Nc3 d6 4.f4 Nf6 5.Nf3 O-O 6.Be2 c6 7.e5 Nd5 8.Ne4 b5 9.O-O Na6
10.c3 Nac7 11.Qe1 Nb6 12.Qh4 f6 13.Bd3 Nbd5 14.Bd2 Ne8 15.Qg3 c5 16.exd6 exd6
17.dxc5 f5 18.Nxd6 Nxd6 19.cxd6 Qxd6 20.Rad1 Bb7 21.Kh1 Qa6 22.a3 Rad8 23.Qf2 Nc7
24.Bc2 Bd5 25.Be3 Qb7 26.Bxa7 Bxf3 27.gxf3 Nd5 28.Bb3 Kh8 29.Bc5 Rfe8 30.Qd2 Qc7
31.Qf2 Qc6 32.Rfe1 Nxf4 33.Rxd8 Rxd8 34.Qe3 g5 35.Rd1 Re8 36.Qf2 g4 37.Bd4 Qxf3+
38.Qxf3 gxf3 39.Bxg7+ Kxg7 40.Rf1 f2 41.Bd5 Nxd5 42.Rxf2 Kf6 43.Kg2 f4 44.Rd2 Re5
45.Kf2 Kf5 46.Rd4 Kg4 47.c4 bxc4 48.Rxc4 Rh5 49.Kg1 Kf3 50.a4 Rg5+ 51.Kh1 Ne3
52.Rd4 Rd5  0-1

[Event "Ljubljana op"]
[Site "Ljubljana"]
[Date "1994.??.??"]
[Round "?"]
[White "Sveshnikov, Evgeny"]
[Black "Ciglic, Boris"]
[Result "1-0"]
[WhiteElo "2585"]
[BlackElo "2215"]

1.e4 d6 2.d4 g6 3.Nc3 Bg7 4.Be3 c6 5.f4 Nf6 6.h3 O-O 7.Nf3 b5 8.e5 Ne8 9.Bd3 Nd7
10.O-O Bb7 11.Ne4 a6 12.Nfg5 e6 13.Qg4 Qe7 14.Nxh7 Kxh7 15.Ng5+ Kg8 16.Qh4 Nef6
17.Rae1 Rfe8 18.exf6 Nxf6 19.Bd2 Qd7 20.Rf2 d5 21.Bb4 a5 22.Bc5 b4 23.g4 Ba6
24.f5 Bxd3 25.fxe6 fxe6 26.cxd3  1-0

[Event "Paris-London"]
[Site "London"]
[Date "1994.??.??"]
[Round "4"]
[White "Payen, Arnaud"]
[Black "Kenworthy, Gary"]
[Result "1-0"]
[WhiteElo "2310"]
[BlackElo "2315"]

1.e4 g6 2.d4 Bg7 3.Nc3 d6 4.Be3 a6 5.a4 b6 6.g3 c5 7.Bg2 Nd7 8.e5 Rb8 9.exd6 exd6
10.Nge2 Ne7 11.Ne4 Nf6 12.Nxd6+ Qxd6 13.Bf4 Qe6 14.Bxb8 O-O 15.O-O Rd8 16.Bc7 Rd7
17.Nf4 Qc4 18.Bxb6 cxd4 19.Re1 Qb4 20.a5 Qxb2 21.Qb1 Qc3 22.Ne2 Qc4 23.Qa2 Qxa2
24.Rxa2 Nfd5 25.Bxd4 Bxd4 26.Nxd4 Kg7 27.c4 Nb4 28.Rd2 Rc7 29.Rb1 Nbc6 30.Nxc6 Nxc6
31.Rd5 Ne7 32.Rd6 Rxc4 33.Bb7 Bh3 34.Rxa6 Ra4 35.Ra7 Bf5 36.Re1 Be6 37.a6 Kf6
38.Ra8 h5 39.Rd8 Nf5 40.Rdd1  1-0

[Event "Lloyds Bank op"]
[Site "London"]
[Date "1994.??.??"]
[Round "7"]
[White "Hebden, Mark"]
[Black "McNab, Colin Anderson"]
[Result "1-0"]
[WhiteElo "2520"]
[BlackElo "2465"]

1.e4 g6 2.Nc3 d6 3.d4 Bg7 4.Nf3 Nf6 5.Be3 c6 6.Qd2 Qa5 7.h3 Nbd7 8.a3 O-O
9.Bd3 e5 10.O-O Qc7 11.a4 b6 12.a5 b5 13.dxe5 dxe5 14.Ne2 a6 15.c4 bxc4 16.Bb1 Rb8
17.Nc3 Nh5 18.Ra4 Rd8 19.Rd1 Bb7 20.Qe2 c5 21.Qxc4 h6 22.Ba2 Rf8 23.Nd5 Bxd5
24.Qxd5 Nhf6 25.Qd6 Qxd6 26.Rxd6 Rxb2 27.Nd2 Ra8 28.Bc4 Bf8 29.Rxa6 Rxa6
30.Bxa6 Nb8 31.Bc4 Nc6 32.a6 Na7 33.Ra1 Kg7 34.Rd1 Rb4 35.Bf1 Ra4 36.Nf3 Rxe4
37.Rd8 Rxe3 38.fxe3 c4 39.Bxc4 Bc5 40.Nxe5 Bxe3+ 41.Kf1 Ne4 42.Ke2 Bb6 43.Rd7  1-0

[Event "EUCup Gr3"]
[Site "Lubniewice"]
[Date "1994.??.??"]
[Round "2"]
[White "Moskalenko, Viktor"]
[Black "Petran, Peter"]
[Result "1-0"]
[WhiteElo "2520"]
[BlackElo "2445"]

1.d4 g6 2.e4 Bg7 3.Nc3 d6 4.g3 Nf6 5.Bg2 O-O 6.Nge2 e5 7.dxe5 dxe5 8.Qxd8 Rxd8
9.Nd5 Nxd5 10.exd5 c6 11.c4 cxd5 12.cxd5 Na6 13.Bg5 f6 14.Bd2 Bg4 15.Nc3 Nb4
16.O-O Rac8 17.f4 Nd3 18.fxe5 Nxe5 19.Be3 b6 20.Bd4 f5 21.Kh1 Rc4 22.Bxe5 Bxe5
23.Rae1 Bd6 24.Nb5 Bf8 25.Nxa7 Rc2 26.Nc6 Rd6 27.h3 Be2 28.Rf2 Bd3 29.Rxc2 Bxc2
30.Nb4 Ba4 31.b3 Rf6 32.Nc6 Bb5 33.Bf3 h5 34.a4 Bd3 35.Re8 Kg7 36.b4 Bf1
37.Kh2 h4 38.gxh4 Bd6+ 39.Kg1 Bxh3 40.Kf2 Bg4 41.a5 bxa5 42.bxa5 Bc5+ 43.Kg2 Bxf3+
44.Kxf3 Rd6 45.Rd8 Rxd8 46.Nxd8 Kf6 47.a6 Ke5 48.a7 Bxa7 49.Nc6+ Kxd5 50.Nxa7 Ke5
51.Nc6+ Kd6 52.Nb4 Ke5 53.Nd3+  1-0

[Event "CRO-chT"]
[Site "Makarska"]
[Date "1994.??.??"]
[Round "1"]
[White "Leventic, Ivan"]
[Black "Kosanski, Stanko"]
[Result "1/2-1/2"]
[WhiteElo "2415"]
[BlackElo "2425"]

1.e4 g6 2.d4 Bg7 3.Nc3 d6 4.Nf3 Nf6 5.h3 c5 6.e5 dxe5 7.dxe5 Qxd1+ 8.Kxd1 Nfd7
9.Nd5 Kd8 10.Bf4 Nc6 11.e6 Nde5 12.Nxe5 Bxe5 13.Bxe5 Nxe5 14.exf7 Be6 15.Nf4 Bxf7
16.Bb5 Nc4 17.Bxc4 Bxc4 18.Re1 Rf8 19.Re4 Bg8 20.Ke2 Rc8 21.Rd1+ Ke8 22.Nd5 Bxd5
23.Rxd5 Rc6 24.Rde5 Rf7 25.Ke3 b6 26.Re6 Rxe6 27.Rxe6 Kd7 28.Re4 Rf6 29.Ke2 b5
30.c3 a5 31.Ke3 b4 32.c4 Kd6 33.Rf4 Re6+ 34.Re4 Rf6 35.Rf4 Re6+ 36.Re4 Rf6
37.Rf4  1/2-1/2

[Event "CRO-chT"]
[Site "Makarska"]
[Date "1994.??.??"]
[Round "7"]
[White "Paraminski, Albina"]
[Black "Vukovic, Zdravko"]
[Result "1-0"]
[WhiteElo "2060"]
[BlackElo "2435"]

1.e4 d6 2.d4 g6 3.Nc3 Bg7 4.Nf3 c6 5.Be2 Nf6 6.O-O O-O 7.h3 Qc7 8.Bf4 Nbd7
9.e5 dxe5 10.Nxe5 Qb6 11.Na4 Qa5 12.c4 Nxe5 13.Bxe5 Ne4 14.Bxg7 Kxg7 15.Qc2 Ng5
16.Rfd1 Ne6 17.Nc3 Qg5 18.Ne4 Qf5 19.d5 Ng5 20.Nxg5 Qxg5 21.Qc3+ Kg8 22.dxc6 bxc6
23.Bf3 Qc5 24.b4 Qb6 25.c5 Qc7 26.Rd2 Rb8 27.Rad1 Be6 28.a3 Rfc8 29.Qd4 Re8
30.g4 Rec8 31.Bg2 Rf8 32.f4 Qc8 33.Qe3 Qc7 34.Qe4 Qc8 35.Kh2 Rb7 36.Kg3 Rd8  1-0

[Event "Mar del Plata op"]
[Site "Mar del Plata"]
[Date "1994.??.??"]
[Round "6"]
[White "Vescovi, Giovanni"]
[Black "Laplaza, Jorge"]
[Result "1-0"]
[WhiteElo "2430"]
[BlackElo "2225"]

1.e4 g6 2.d4 Bg7 3.Nc3 d6 4.Nf3 c6 5.a4 Bg4 6.Be2 Nd7 7.Be3 e5 8.dxe5 dxe5
9.Nd2 Be6 10.Nc4 Bxc4 11.Bxc4 Qe7 12.O-O Ngf6 13.Qe2 O-O 14.Rad1 Nc5 15.f4 exf4
16.Bxf4 Rad8 17.e5 Rxd1 18.Rxd1 Nh5 19.e6 Nxe6 20.Bd6 Qh4 21.g3 Qh3 22.Bxe6 fxe6
23.Bxf8 Bxf8 24.Ne4 e5 25.Qc4+ Kg7 26.Ng5 Qc8 27.Ne6+ Kh6 28.Rd8 Bc5+ 29.Kg2 b5
30.Rxc8  1-0